000
00290nam a2200145 4500
008
190521s1989||||CZ d
245
1
0
_a
Medika
300
_a
972s.
260
_b
Medika
_a
Praha
_c
1989
250
_a
1.vydanie
020
_c
0
041
1
_a
cze
044
_a
CZ
958
_a
A
999
_c
22388
_d
22388